000 01076nam a2200337 a 4500
001 000113405
003 CHAP
005 20220329144353.0
008 170619s2012 sp a |r| ||1|||spa d
010 _a109866
011 _a110838
020 _a9788480769860
040 _cCHAP
082 0 4 _a635.0484
_bC21
100 1 _aCandlin, Alison
_9132642
245 1 0 _aManual de autosuficiencia :
_bguía práctica completa para vivir de la tierra /
_cpor Alison Candlin.
260 _aBarcelona :
_bBlume,
_c2012.
300 _a256 p. :
_bil.
534 _pTít. original :
_tThe Self-Sufficiency Mnual. A Complete Guide to Living off the Land
590 _aBATCH-UPD
_b05
_c20170619
_lUCH01
_h0933
590 _aBATCH-UPD
_b10
_c20170619
_lUCH01
_h1052
590 _aE11695DGD
_b10
_c20170619
_lUCH01
_h1052
590 _aE5765TAJ
_b05
_c20170619
_lUCH01
_h0932
650 1 4 _aFruta
_xConservación.
_943602
650 1 4 _aFruticultura.
_943684
650 1 4 _aHortalizas
_xEnfermedades.
_9132641
650 1 4 _aHorticultura.
_956291
901 _aBK
942 _cLIBRO
942 _n0
999 _c109866
_d109866